000 00545nam a2200193Ia 4500
008 240606s9999 xx 000 0 und d
020 _a978-93-5523-184-0-2
082 _a920
082 _bSUD
100 _aவி. சுதர்சன்
245 0 _aகுற்றமும் கருணையும்
250 _a2
260 _aநாகர்கோவில்
260 _bகாலச்சுவடு
260 _c2022
300 _a224 pages
650 _aஅனுபவப் பதிவு
942 _cTamil
999 _c504312
_d504312